000 00992naa a22002777a 4500
001 BR7906029
003 BR-BrBNA
005 20240918174435.0
007 ta
008 230509b bl.||||| |||| 00| 0 por d
040 _aBR-BrBNA
_bpor
_cBiblioteca Nacional de Agricultura
041 _a(En)
072 _aU10
090 _aU10 BR7906029
100 1 _aBrieger, F.G.
111 1 _aReuniao Internacional de Biometria
_cPiracicaba, SP (Brazil)
_d22 Sep 1975
245 1 _aThe variability of species and its statistical analysis [Estatistica]
260 3 _aSao Paulo, SP (Brasil):
_c1979.
500 _aAnais da Reuniao Internacional de Biometria Sao Paulo, SP (Brasil): 1979. p. 363-367 (BR7906029-AM)U10
650 _aEstatistica
650 _aPopulacao de planta
650 _aAnalise estatistica
773 0 _tAnais da Reuniao Internacional de Biometria
_wU10 BR7906029
_gSao Paulo, SP (Brasil), 1979. p. 363-367
909 _a202404
_bLucia
_c55
_dLucia Elande
942 _cAM
_2AGRIS
999 _c311277
_d311277